| 000 | 00951cab a2200241 4500 | ||
|---|---|---|---|
| 001 | ABS36345 | ||
| 008 | 090401t1986 xxu||||| |||| 00| 0 eng d | ||
| 035 | _a(Sirsi) u75244 | ||
| 041 | _aeng | ||
| 100 | _aHellewell, E.G. | ||
| 245 | 4 | _aThe concept and status of the investment method of mineral valuation | |
| 260 | _c1986 | ||
| 350 | _a0 | ||
| 490 |
_aLand & Minerals Surveying _v4(5) May 1986, 249-251(3) |
||
| 520 | _aA paper by Peter Vincent (Abs35354) argued for the adoption of unconventional valuation techniques. In this paper the author attempts to extend the debate by arguing that the status of the investment method of mineral valuation is both theoretically and practically superior to that of the comparables method. | ||
| 650 | _aINVESTMENT METHOD | ||
| 650 | _aMINERAL VALUATION | ||
| 650 | _aVALUATION METHODS | ||
| 690 | _aMINING AND MINERALS | ||
| 690 | _aRATING AND VALUATION | ||
| 942 | _n0 | ||
| 948 | _c04/03/1997 | ||
| 999 |
_c47405 _d47405 |
||